| 000 | 01029nam a22002657a 4500 | ||
|---|---|---|---|
| 005 | 20260325134815.0 | ||
| 008 | 260108b |||||||| |||| 00| 0 eng d | ||
| 041 | _ahin | ||
| 082 |
_a891.43 _bDAS |
||
| 100 |
_aDas, Gajendra Nath. _4SL |
||
| 242 | _aProblems of women in the novels of Nirala : an analytical study | ||
| 245 |
_aनिराला के उपन्यासों में चित्रित नारी समस्याएं : _bएक विश्लेषणात्मक अध्ययन |
||
| 260 |
_c2025. _eHIN |
||
| 300 | _ax, 257p. | ||
| 650 | _aHindi literature | ||
| 650 | _aHindi fiction | ||
| 650 | _aLiterary Theory and Criticism | ||
| 650 | _aFeminism in literature | ||
| 650 | _aSocial problems in literature | ||
| 650 | _aWomen in literature | ||
| 700 |
_aMalakar, Kusum Kunja. _4GD |
||
| 856 | _uhttps://shodhganga.inflibnet.ac.in/handle/10603/673434 | ||
| 942 | _cTHS | ||
| 999 |
_c67703 _d67703 |
||